Figures of the World Wars… or Star Wars? - Statistics

General Stats
  • This quiz has been taken 98 times
  • The average score is 26 of 30
Answer Stats
Hint Answer % Correct
General Kenobi Star Wars
99%
Emperor Palpatine Star Wars
98%
Captain Phasma Star Wars
97%
Count Dooku Star Wars
97%
Generalissimo Franco World Wars
97%
Supreme Commander Eisenhower World Wars
97%
Emperor Hirohito World Wars
96%
Queen Amidala Star Wars
94%
Field Marshal Rommel World Wars
94%
Duce Mussolini World Wars
94%
General Zhukov World Wars
93%
General Grievous Star Wars
92%
Grand Moff Tarkin Star Wars
92%
Voivode Putnik World Wars
92%
Boss Nass Star Wars
91%
Marshal Konev World Wars
90%
Grand Admiral Dönitz World Wars
88%
Emir Faisal World Wars
88%
Admiral Ackbar Star Wars
87%
Commander Cody Star Wars
87%
Red Baron World Wars
87%
Captain Antilles Star Wars
85%
Admiral Nimmitz World Wars
80%
Major Winters World Wars
78%
Djema Pasha World Wars
75%
Admiral Piett Star Wars
73%
General Veers Star Wars
73%
Admiral Ozzel Star Wars
70%
Colonel Tibbets World Wars
66%
Admiral Motti Star Wars
62%
No matching quizzes found
Score Distribution
Percent of People with Each Score
Percentile by Number Answered
Your Score History
You have not taken this quiz